000 00972nas a2200325 4500
001 BR2011004086
003 BR-BrBNA
005 20231205115448.0
007 ta
008 230509b bl.|||p| |||| 00| 00por d
040 _aBR-BrBNA
_bpor
_cBiblioteca Nacional de Agricultura
041 _a(Pt)
072 _aF30
100 1 _aSeverino, L.S.
100 1 _aAlbuquerque, W.G. de
100 1 _aFreire, M.A. de O.
100 1 _aGomes, J.A.
100 1 _aMilani, M.
245 1 _aVariabilidade no percentual de tegumento da semente de mamona e sua importância para o melhoramento
650 _aMAMONA
650 _aSEMENTE
650 _aMELHORAMENTO GENÉTICO VEGETAL
650 _aGENÓTIPO
650 _aPESO
650 _aTEGUMENTO
650 _aÓLEO VEGETAL
773 0 _tRevista Ciência Agronômica (Brazil)
_xISSN 0045-6888
_g(Jan-Mar 2009), v. 40(1) p. 94-98
_wBR2011004086
909 _a202311
_bLúcia
_c55
_dLúcia Elande
942 _2AGRIS
_n0
_cANA
999 _c213933
_d213933